000
00225 a2200097 4500
001
8728
100
_a
Muhammad Nijatullah Siddqui
245
_a
Ghair Sudi Bankari
260
_a
_b
Islamic Bublications
_c
090
_c
7031
_d
7031
942
_a
NUST-CAE
_c
M
_c
33636
999
_c
243801
_d
243801